| 000 | 00674cam a22001817a 4500 | ||
|---|---|---|---|
| 040 | _cDDB | ||
| 082 | 0 | 0 | _a796 COL 2008 A088 Or. |
| 245 | 0 | 0 | _a2008 Colorado Statewide Comprehensive Outdoor Recreation Plan / |
| 246 | 1 | _aColorado SCORP Statewide Comprehensive Outdoor Recreation Plan | |
| 246 | 1 | 4 | _aStatewide Comprehensive Outdoor Recreation Plan 2008 |
| 246 | 1 | 4 | _aColorado's outdoor recreation future, strategies for sustaining Colorado's outdoors heritage |
| 260 |
_aDenver, CO : _bColorado State Parks, _c2008. |
||
| 300 |
_avii, 307 p. : _bill., maps ; _c28 cm. |
||
| 650 | 0 | _aOutdoor recreation | |
| 650 | 0 | _aRecreation areas | |
| 710 | 1 | _aColorado. | |
| 942 | _cEK | ||
| 999 |
_c14742 _d14742 |
||